Asamiya natak adhyayan (Record no. 10127)

MARC details
000 -LEADER
fixed length control field 00519cam a2200193ua 4500
001 - CONTROL NUMBER
control field 11283
005 - DATE AND TIME OF LATEST TRANSACTION
control field 20260515114731.0
008 - FIXED-LENGTH DATA ELEMENTS--GENERAL INFORMATION
fixed length control field 190906n ii |||gr||||Z||||||asm
040 ## - CATALOGING SOURCE
Transcribing agency MAIN
082 ## - DEWEY DECIMAL CLASSIFICATION NUMBER
Classification number 891.4512
100 ## - MAIN ENTRY--PERSONAL NAME
Personal name Paresh Baishya.,
Relator term Author.
245 ## - TITLE STATEMENT
Title Asamiya natak adhyayan
Statement of responsibility, etc. By Paresh Baishya
250 ## - EDITION STATEMENT
Edition statement 1st ed.
260 ## - PUBLICATION, DISTRIBUTION, ETC.
Place of publication, distribution, etc. Guwahati:
Name of publisher, distributor, etc. Balimahee,
Date of publication, distribution, etc. 2014.
300 ## - PHYSICAL DESCRIPTION
Extent 258p.
653 ## - INDEX TERM--UNCONTROLLED
Uncontrolled term East Indo-European & Celtic literatures
653 ## - INDEX TERM--UNCONTROLLED
Uncontrolled term A critical analysis of Assamese drama
942 ## - ADDED ENTRY ELEMENTS (KOHA)
Koha item type Books
Holdings
Withdrawn status Lost status Damaged status Not for loan Home library Current library Shelving location Date acquired Total checkouts Full call number Barcode Date last seen Date last checked out Copy number Price effective from Koha item type
        Naharkatiya College Library Naharkatiya College Library General stacks 09/19/2020 10 891.4512Assamese Literature | BAI 27743 11/20/2024 11/08/2024 1 09/19/2020 Books
        Naharkatiya College Library Naharkatiya College Library General stacks 09/19/2020 9 891.4512Assamese Literature | BAI 27744 04/24/2026 04/24/2026 2 09/19/2020 Books